Statistics for MLB Team Home Run Leaders 2022

Click here to take the quiz!

General Stats

  • This quiz has been taken 69 times
  • The average score is 82 of 155

Answer Stats

Answer% Correct
Aaron Judge
94%
Yordan Alvarez
92%
Jose Altuve
90%
Mike Trout
90%
Giancarlo Stanton
88%
Shohei Ohtani
88%
Pete Alonso
85%
Bryce Harper
83%
Matt Olson
83%
Austin Riley
81%
Willson Contreras
81%
Alex Bregman
79%
Julio Rodriguez
79%
Kyle Schwarber
79%
Joey Votto
77%
Kyle Tucker
77%
Paul Goldschmidt
77%
Rafael Devers
77%
Vladimir Guerrero Jr.
77%
Bo Bichette
75%
Gleyber Torres
75%
Jose Ramirez
73%
Josh Donaldson
73%
Nolan Arenado
73%
Teoscar Hernandez
73%
Anthony Rizzo
71%
Carlos Correa
71%
Corey Seager
71%
Dansby Swanson
71%
George Springer
71%
Javier Baez
71%
Josh Bell
71%
Juan Soto
71%
Mookie Betts
71%
William Contreras
71%
Amed Rosario
69%
Anthony Santander
69%
Bryan De La Cruz
69%
Francisco Lindor
69%
Jose Abreu
69%
Ketel Marte
69%
Manny Machado
69%
Marcell Ozuna
69%
Salvador Perez
69%
Starling Marte
69%
C.J. Cron
67%
Freddie Freeman
67%
J.D. Martinez
67%
Marcus Semien
67%
Nelson Cruz
67%
Oneil Cruz
67%
Randy Arozarena
67%
Will Smith
67%
Adolis Garcia
65%
Bobby Witt
65%
Brandon Lowe
65%
Byron Buxton
65%
Cedric Mullins
65%
Ian Happ
65%
Jeremy Pena
65%
Nathaniel Lowe
65%
Trea Turner
65%
Gary Sanchez
63%
Jesus Sanchez
63%
Matt Chapman
63%
Rhys Hoskins
63%
Ryan Mountcastle
63%
Eugenio Suarez
60%
Nick Castellanos
60%
Brandon Nimmo
58%
Willy Adames
58%
Xander Bogaerts
58%
Bryan Reynolds
56%
Christian Walker
56%
Jazz Chisholm Jr.
56%
J.T. Realmuto
56%
Patrick Wisdom
56%
Albert Pujols
54%
Rowdy Tellez
54%
Yandy Diaz
54%
Eloy Jimenez
52%
Max Muncy
52%
Trevor Story
52%
Alec Bohm
50%
Andres Gimenez
50%
Cal Raleigh
50%
Sean Murphy
50%
Taylor Walls
50%
Ty France
50%
Austin Hays
48%
Jake Cronenworth
48%
Tyrone Taylor
48%
Charlie Blackmon
46%
Mike Yastrzemski
46%
Taylor Ward
46%
Carlos Santana
44%
Eduardo Escobar
44%
Josh Naylor
44%
Spencer Torkelson
44%
Jorge Polanco
42%
Seth Brown
42%
Andrew McCutchen
40%
Brandon Drury
40%
Hunter Renfroe
40%
Luke Voit
40%
Seiya Suzuki
40%
Trent Grisham
40%
Tyler O'Neill
40%
Elvis Andrus
38%
Jesus Aguilar
38%
Oscar Gonzalez
38%
Joc Pederson
35%
Jorge Soler
35%
Kyle Farmer
35%
Lars Nootbaar
35%
Ryan McMahon
35%
Wilmer Flores
35%
Christopher Morel
33%
Daniel Vogelbach
33%
Daulton Varsho
33%
Evan Longoria
33%
Jaime Candelario
33%
Jared Walsh
33%
Matt Carpenter
33%
Bobby Dalbec
31%
David Peralta
31%
Jonathan Schoop
31%
Jurickson Profar
31%
Ramon Laureano
31%
Tommy Pham
31%
Willi Castro
29%
Andrew Vaughn
27%
Gavin Sheets
27%
Ji-Man Choi
27%
Luis Rengifo
27%
MJ Melendez
27%
Nolan Gorman
27%
Ramon Urias
27%
AJ Pollock
25%
Brendan Rodgers
25%
Eric Haase
25%
Hunter Dozier
25%
Isaac Paredes
25%
Jack Suwinski
25%
Jonah Heim
25%
Randal Grichuk
25%
Vinnie Pasquantino
23%
Lane Thomas
21%
Thairo Estrada
21%
Joey Meneses
17%
Chad Pinder
15%
Jose Miranda
15%
Jake Fraley
10%
Michael Chavis
8%
Jordan Luplow
4%

Score Distribution

Percentile by Number Answered

Percent of People with Each Score

Your Score History

You have not taken this quiz